TROPICAL acacias in East Asia and the Pacific : proceedings of a first meeting of the Consultative Group for Research and Development of Acacias (COGREDA), Phuket, Thailand, June 1-3, 1992

Bibliographic Details
Other Authors: Kamis Awang, Taylor 1943-
Format: Book
Published: Bangkok : Winrock International Institute for Agricultural Research , 1992
Subjects:

MARC

LEADER 00000cam a2200000 7i4500
001 0000001517
005 20010726.0
020 0 0 |a 0933595719 
090 0 0 |a 634.9737485   |b TRO 1992 
245 0 0 |a TROPICAL acacias in East Asia and the Pacific :   |b proceedings of a first meeting of the Consultative Group for Research and Development of Acacias (COGREDA), Phuket, Thailand, June 1-3, 1992   |c edited by Kamis Awang and David A. Taylor 
260 0 0 |a Bangkok :   |b Winrock International Institute for Agricultural Research ,   |c 1992 
300 |a iv, 106 p. ;   |c 25 cm. 
500 0 0 |a Includes bibliographies 
650 0 0 |a Acacia   |z Asia 
700 0 1 |a Kamis Awang 
700 0 1 |a Taylor   |h David A. ,   |c 1943- . 
998 |a JPSM 
999 |a 0000003926   |b Monograph   |c Open Shelf   |e Default branch